00481nam a2200145 a 450000500170000000800410001702000180005805000340007624500550011026000510016530000110021644000350022765000320026265000410029420140412111356.0051104s19uu xx 00 eng d a0-07-572802-8 aTR(GS 372.4bA1 L.1(ESL) B.M. aESL supplement (orange), L.1 :bBlackline masters. aColumbus, Ohio :bSRA/McGraw-Hill Comp,c2002. a132 p. aSRA open court reading, Orange aReadingxStudy and teaching aEnglish languagexStudy and teaching